[Event "Olympiad-34"]
[Site "Istanbul"]
[Date "2000.11.10"]
[Round "13.4"]
[White "El Arousy, Abdul Hameed"]
[Black "Munoz Sotomayor, Hugo"]
[Result "1-0"]
[WhiteElo "2363"]
[BlackElo "2322"]
[PlyCount "67"]
[EventDate "2000.10.28"]
[EventType "team-swiss"]
[EventRounds "14"]
[EventCountry "TUR"]
[SourceTitle "EXT 2001"]
[Source "ChessBase"]
[SourceDate "2000.11.22"]
[SourceVersion "1"]
[SourceVersionDate "2000.11.22"]
[SourceQuality "1"]
[WhiteTeam "Egypt"]
[BlackTeam "Ecuador"]
[WhiteTeamCountry "EGY"]
[BlackTeamCountry "ECU"]

1. e4 c5 2. Nf3 e6 3. d4 cxd4 4. Nxd4 Nc6 5. Nc3 Qc7 6. Be2 Nf6 7. 0-0 a6 8. Be3 Bb4 9. Na4 0-0 10. Nxc6 bxc6 11. Nb6 Rb8 12. Nxc8 Rfxc8 13. Bxa6 Rf8 14. Bd3 Bd6 15. f4 e5 16. f5 Rxb2 17. g4 Qa5 18. g5 Bc5 19. gxf6 Bxe3+ 20. Kh1 g6 21. fxg6 hxg6 22. Qg4 Bf4 23. Qh4 Qc3 24. Rg1 Rxc2 25. Bxc2 Qxc2 26. Rae1 Qc3 27. Qg4 d5 28. Re2 Qd4 29. Qf3 Rb8 30. Rge1 Rb4 31. Rc2 dxe4 32. Qh3 Rc4 33. Qc8+ Kh7 34. Qf8 1-0

[Event "Olympiad-34"]
[Site "Istanbul"]
[Date "2000.11.08"]
[Round "11.3"]
[White "Ivanisevic, Ivan"]
[Black "Munoz Sotomayor, Hugo"]
[Result "1-0"]
[WhiteElo "2530"]
[BlackElo "2322"]
[PlyCount "59"]
[EventDate "2000.10.28"]
[EventType "team-swiss"]
[EventRounds "14"]
[EventCountry "TUR"]
[SourceTitle "EXT 2001"]
[Source "ChessBase"]
[SourceDate "2000.11.22"]
[SourceVersion "1"]
[SourceVersionDate "2000.11.22"]
[SourceQuality "1"]
[WhiteTeam "Yugoslavia"]
[BlackTeam "Ecuador"]
[WhiteTeamCountry "YUG"]
[BlackTeamCountry "ECU"]

1. d4 Nf6 2. c4 e6 3. Nc3 Bb4 4. Qc2 0-0 5. e4 d5 6. e5 Ne4 7. Bd3 c5 8. cxd5 exd5 9. Nge2 cxd4 10. Nxd4 Nd7 11. f4 Qh4+ 12. g3 Qh3 13. Bf1 Qh5 14. Bg2 Ndc5 15. 0-0 Bxc3 16. bxc3 Bh3 17. f5 Bxg2 18. Qxg2 Rfe8 19. g4 Qh4 20. f6 Rxe5 21. fxg7 Qd8 22. Nf5 f6 23. Bf4 Re8 24. Be3 Ne6 25. c4 Nc3 26. Rae1 Rb8 27. g5 fxg5 28. Nh6+ Kxg7 29. Nf7 Qe7 30. Bd4+ 1-0

[Event "Olympiad-34"]
[Site "Istanbul"]
[Date "2000.11.04"]
[Round "7.4"]
[White "Yoos, John C"]
[Black "Munoz Sotomayor, Hugo"]
[Result "1-0"]
[WhiteElo "2373"]
[BlackElo "2322"]
[PlyCount "65"]
[EventDate "2000.10.28"]
[EventType "team-swiss"]
[EventRounds "14"]
[EventCountry "TUR"]
[SourceTitle "EXT 2001"]
[Source "ChessBase"]
[SourceDate "2000.11.22"]
[SourceVersion "1"]
[SourceVersionDate "2000.11.22"]
[SourceQuality "1"]
[WhiteTeam "Canada"]
[BlackTeam "Ecuador"]
[WhiteTeamCountry "CAN"]
[BlackTeamCountry "ECU"]

1. e4 c5 2. Nf3 e6 3. d4 cxd4 4. Nxd4 Nc6 5. Nb5 d6 6. Bf4 e5 7. Be3 Nf6 8. Bg5 a6 9. Bxf6 gxf6 10. N5c3 Be6 11. Nd2 f5 12. exf5 Bxf5 13. Nc4 Be6 14. Ne3 Bh6 15. Ned5 0-0 16. Qh5 Bg7 17. 0-0-0 f5 18. g4 Bf7 19. Qh3 Qg5+ 20. f4 Qxg4 21. Qe3 Qh4 22. Rg1 Kh8 23. Qb6 Rab8 24. Rg3 Qd8 25. Qf2 Bh5 26. Be2 Bxe2 27. Nxe2 Qa5 28. Ra3 Qc5 29. Qh4 Nb4 30. Nxb4 Qxb4 31. Rh3 h6 32. Rg1 exf4 33. Qxh6+ 1-0

[Event "Olympiad-34"]
[Site "Istanbul"]
[Date "2000.11.02"]
[Round "6.4"]
[White "Daoud Mod, Rabie"]
[Black "Munoz Sotomayor, Hugo"]
[Result "1/2-1/2"]
[WhiteElo "2143"]
[BlackElo "2322"]
[PlyCount "39"]
[EventDate "2000.10.28"]
[EventType "team-swiss"]
[EventRounds "14"]
[EventCountry "TUR"]
[SourceTitle "EXT 2001"]
[Source "ChessBase"]
[SourceDate "2000.11.22"]
[SourceVersion "1"]
[SourceVersionDate "2000.11.22"]
[SourceQuality "1"]
[WhiteTeam "Morocco"]
[BlackTeam "Ecuador"]
[WhiteTeamCountry "MAR"]
[BlackTeamCountry "ECU"]

1. Nf3 c5 2. g3 b6 3. Bg2 Bb7 4. 0-0 e6 5. c4 Nf6 6. b3 Be7 7. Bb2 0-0 8. Nc3 a6 9. d4 cxd4 10. Qxd4 d6 11. Rad1 Nc6 12. Qd3 Qc7 13. Ne4 Nxe4 14. Qxe4 Ne5 15. Qd4 Nxf3+ 16. Bxf3 Bf6 17. Qd2 Bxb2 18. Bxb7 Qxb7 19. Qxb2 Rfd8 20. Rd3 1/2-1/2

[Event "Olympiad-34"]
[Site "Istanbul"]
[Date "2000.10.30"]
[Round "3.4"]
[White "Munoz Sotomayor, Hugo"]
[Black "Rossi, Carlo"]
[Result "0-1"]
[WhiteElo "2322"]
[BlackElo "2436"]
[PlyCount "52"]
[EventDate "2000.10.28"]
[EventType "team-swiss"]
[EventRounds "14"]
[EventCountry "TUR"]
[SourceTitle "EXT 2001"]
[Source "ChessBase"]
[SourceDate "2000.11.22"]
[SourceVersion "1"]
[SourceVersionDate "2000.11.22"]
[SourceQuality "1"]
[WhiteTeam "Ecuador"]
[BlackTeam "Italy"]
[WhiteTeamCountry "ECU"]
[BlackTeamCountry "ITA"]

1. c4 Nc6 2. Nc3 g6 3. d4 Bg7 4. d5 Nb8 5. e4 d6 6. Nge2 c5 7. Ng3 h5 8. Be2 h4 9. Nf1 h3 10. g3 a6 11. Ne3 e5 12. dxe6 Bxe6 13. 0-0 Nc6 14. Ncd5 Nd4 15. Bg4 Nh6 16. Bxe6 fxe6 17. Nf4 Nf7 18. Nc2 Nxc2 19. Nxe6 Qf6 20. Nxg7+ Kd7 21. Qg4+ Ke7 22. e5 Nxe5 23. Qe4 Qf3 24. Qd5 Qxd5 25. cxd5 Nf3+ 26. Kh1 Nxa1 0-1

[Event "Olympiad-34"]
[Site "Istanbul"]
[Date "2000.10.29"]
[Round "2.4"]
[White "Khruschiov, Alexey"]
[Black "Munoz Sotomayor, Hugo"]
[Result "1-0"]
[WhiteElo "2381"]
[BlackElo "2322"]
[PlyCount "117"]
[EventDate "2000.10.28"]
[EventType "team-swiss"]
[EventRounds "14"]
[EventCountry "TUR"]
[SourceTitle "EXT 2001"]
[Source "ChessBase"]
[SourceDate "2000.11.22"]
[SourceVersion "1"]
[SourceVersionDate "2000.11.22"]
[SourceQuality "1"]
[WhiteTeam "Moldova"]
[BlackTeam "Ecuador"]
[WhiteTeamCountry "MDA"]
[BlackTeamCountry "ECU"]

1. e4 c5 2. Nf3 e6 3. d4 cxd4 4. Nxd4 Nc6 5. Nc3 Qc7 6. Be3 a6 7. Bd3 Nf6 8. 0-0 h5 9. h3 Nxd4 10. Bxd4 Bc5 11. Bxf6 gxf6 12. Qe2 Bd4 13. Nd1 Qf4 14. c3 Ba7 15. Ne3 h4 16. Rfe1 Rg8 17. Ng4 Kf8 18. Rad1 Rg5 19. Bc2 Bb8 20. Rd3 Rg6 21. Rf3 Qg5 22. Rd1 Be5 23. Qf1 b5 24. Nxe5 Qxe5 25. Rfd3 Qf4 26. Rd4 Rg8 27. Re1 Ra7 28. Bd1 Rc7 29. e5 Qh6 30. f4 Bb7 31. Bf3 Rg3 32. Bxb7 Rxb7 33. f5 fxe5 34. Rxe5 Rc7 35. fxe6 dxe6 36. Ree4 Rc5 37. Rxh4 Qe3+ 38. Qf2 Qc1+ 39. Kh2 Rcg5 40. Rhg4 R3xg4 41. hxg4 Rg6 42. Rd7 Qh6+ 43. Kg3 Rf6 44. Qc5+ Kg8 45. Qe5 Qg7 46. Rd8+ Kh7 47. Qe4+ Kh6 48. Rc8 Rg6 49. Rc7 Qf8 50. Qf4+ Kg7 51. g5 Qe8 52. Qe5+ Kh7 53. Kg4 Rg7 54. Qf6 Kg8 55. Kf4 Qb8 56. Qe7 Qa8 57. g6 e5+ 58. Ke3 Qf8 59. gxf7+ 1-0

[Event "Valencia Sub zt 2.3.5"]
[Site "Valencia"]
[Date "2000.??.??"]
[Round "1"]
[White "Munoz Sotomayor, Hugo"]
[Black "Blanco Acevedo, Cristobal Jose"]
[Result "0-1"]
[WhiteElo "2322"]
[BlackElo "2185"]
[PlyCount "58"]
[EventDate "2000.08.13"]
[EventType "swiss"]
[EventRounds "9"]
[EventCountry "VEN"]
[SourceTitle "EXT 2001"]
[Source "ChessBase"]
[SourceDate "2000.11.22"]
[SourceVersion "1"]
[SourceVersionDate "2000.11.22"]
[SourceQuality "1"]

1. c4 c5 2. Nc3 Nc6 3. g3 e5 4. Bg2 f5 5. e3 Nf6 6. Nge2 Be7 7. d3 0-0 8. 0-0 d6 9. Nd5 Nxd5 10. cxd5 Nb8 11. b3 Nd7 12. Bb2 Nf6 13. f4 Ng4 14. Qd2 Bf6 15. h3 Nh6 16. fxe5 dxe5 17. e4 b6 18. Kh2 a5 19. a4 Ra7 20. Rae1 Raf7 21. Nc3 Bg5 22. Qe2 f4 23. g4 Bh4 24. Rd1 Bg3+ 25. Kg1 Qh4 26. Rf3 Nxg4 27. hxg4 Qh2+ 28. Kf1 Bxg4 29. Rd2 Bh3 0-1

[Event "Valencia Sub zt 2.3.5"]
[Site "Valencia"]
[Date "2000.??.??"]
[Round "4"]
[White "Munoz Sotomayor, Hugo"]
[Black "Yee, Frank"]
[Result "1-0"]
[WhiteElo "2322"]
[BlackElo "2169"]
[PlyCount "48"]
[EventDate "2000.08.13"]
[EventType "swiss"]
[EventRounds "9"]
[EventCountry "VEN"]
[SourceTitle "EXT 2001"]
[Source "ChessBase"]
[SourceDate "2000.11.22"]
[SourceVersion "1"]
[SourceVersionDate "2000.11.22"]
[SourceQuality "1"]

1. e4 e5 2. Nf3 Nc6 3. d4 exd4 4. Nxd4 Bc5 5. Be3 Bb6 6. Nf5 Bxe3 7. Nxe3 Nf6 8. Nc3 d6 9. Qd2 0-0 10. 0-0-0 Re8 11. f3 Be6 12. g4 Nd7 13. h4 Nb6 14. f4 f6 15. g5 Bf7 16. Be2 Nb4 17. a3 a5 18. Rhg1 Kh8 19. Bf3 fxg5 20. hxg5 Qd7 21. Rh1 Qc6 22. Qh2 Bg8 23. Bh5 Qc5 24. Nf5 Re6 1-0

[Event "Espe Cup"]
[Site "Ecuador"]
[Date "1999.??.??"]
[Round "?"]
[White "Minaya Molano, Juan M"]
[Black "Munoz Sotomayor, Hugo"]
[Result "1-0"]
[WhiteElo "2295"]
[BlackElo "2215"]
[PlyCount "73"]
[EventDate "1999.??.??"]
[EventType "tourn"]
[EventRounds "11"]
[EventCountry "ECU"]
[EventCategory "3"]
[SourceTitle "EXT 2000"]
[Source "ChessBase"]
[SourceDate "1999.11.16"]
[SourceVersion "1"]
[SourceVersionDate "1999.11.16"]
[SourceQuality "1"]

1. Nf3 c5 2. c4 b6 3. g3 Bb7 4. Bg2 e6 5. 0-0 Nf6 6. Nc3 d6 7. d4 cxd4 8. Qxd4 a6 9. Rd1 Nbd7 10. e4 Qc7 11. b3 Be7 12. Qe3 0-0 13. Bb2 Rac8 14. Rac1 Qb8 15. Nd4 Qa8 16. Qe2 Nc5 17. f3 Rfe8 18. b4 Ncd7 19. Nc2 Bf8 20. a3 Rc7 21. Ne3 d5 22. cxd5 exd5 23. exd5 Nxd5 24. Ncxd5 Rxc1 25. Rxc1 Bxd5 26. Qf2 Bc6 27. Nf5 Ne5 28. Bxe5 Rxe5 29. f4 Rxf5 30. Rxc6 Qd8 31. Qxb6 Qd1+ 32. Bf1 Rd5 33. Qe3 a5 34. Rc1 Qh5 35. Rc8 Qg6 36. Qe7 Qb6+ 37. Kh1 1-0

[Event "Espe Cup"]
[Site "Ecuador"]
[Date "1999.??.??"]
[Round "?"]
[White "Munoz Sotomayor, Hugo"]
[Black "Pazos Gambarrotti, Plinio Efrain"]
[Result "1/2-1/2"]
[WhiteElo "2215"]
[BlackElo "2365"]
[PlyCount "94"]
[EventDate "1999.??.??"]
[EventType "tourn"]
[EventRounds "11"]
[EventCountry "ECU"]
[EventCategory "3"]
[SourceTitle "EXT 2000"]
[Source "ChessBase"]
[SourceDate "1999.11.16"]
[SourceVersion "1"]
[SourceVersionDate "1999.11.16"]
[SourceQuality "1"]

1. c4 Nf6 2. Nc3 d6 3. d4 Nbd7 4. e4 e5 5. Nge2 c6 6. f3 Be7 7. Be3 0-0 8. Qd2 d5 9. cxd5 cxd5 10. Ng3 dxe4 11. Ngxe4 exd4 12. Bxd4 Nxe4 13. Nxe4 Nf6 14. Bc4 Nxe4 15. fxe4 Bh4+ 16. g3 Bg5 17. Qc3 Qe7 18. 0-0 Bh3 19. Rf2 Qxe4 20. Re1 Qg6 21. Bc5 Bf6 22. Rxf6 Qxf6 23. Qxf6 gxf6 24. Bxf8 Kxf8 25. Kf2 Rd8 26. a3 Rd6 27. Ke3 h6 28. Re2 Bf1 29. Rc2 Rc6 30. Bb3 Rb6 31. Bd5 Rb5 32. Kd4 Bh3 33. b4 Be6 34. Bxe6 fxe6 35. Rc7 Ke8 36. Kc4 Rb6 37. b5 Kd8 38. Rh7 e5 39. Rxh6 Rd6 40. Kc5 Rd2 41. Rxf6 Rxh2 42. Kd6 Rd2+ 43. Kxe5 Re2+ 44. Kf5 Re3 45. g4 Rxa3 46. g5 Ke7 47. Re6+ Kf8 1/2-1/2

[Event "Guines Vazquez Memorial"]
[Site "Guines"]
[Date "1998.10.16"]
[Round "4"]
[White "Abreu Delgado, Aryam"]
[Black "Munoz Sotomayor, Hugo"]
[Result "1-0"]
[WhiteElo "2420"]
[BlackElo "2290"]
[PlyCount "93"]
[EventDate "1998.10.13"]
[EventType "tourn"]
[EventRounds "13"]
[EventCountry "CUB"]
[EventCategory "2"]
[SourceTitle "CBM 067 Extra"]
[Source "ChessBase"]
[SourceDate "1999.01.01"]
[SourceVersion "1"]
[SourceVersionDate "1999.01.01"]
[SourceQuality "1"]

1. e4 c5 2. Nf3 e6 3. d4 cxd4 4. Nxd4 Nc6 5. Nb5 Bc5 6. Nd6+ Ke7 7. Nc4 d5 8. exd5 exd5 9. Ne3 Nf6 10. Bd3 Re8 11. 0-0 Kf8 12. Nd2 Ne5 13. Nb3 Bb6 14. Be2 d4 15. Nc4 Nxc4 16. Bxc4 Qc7 17. Bb5 Bg4 18. Qd2 Re5 19. Bd3 Nd5 20. h3 Rh5 21. Be2 Bxe2 22. Qxe2 g6 23. Qd2 Qc4 24. Rd1 Nb4 25. c3 dxc3 26. bxc3 Rd8 27. Qxd8+ Bxd8 28. Rxd8+ Ke7 29. Rd4 Qxc3 30. Bd2 Qc2 31. Bxb4+ Kf6 32. Rd2 Qc4 33. Rd4 Qc2 34. Rc1 Qxa2 35. Bc3 Kg5 36. Bd2+ Kf6 37. Bc3 Kg5 38. Nd2 Kh6 39. Ne4 Rf5 40. Bd2+ Kg7 41. Bc3 Kh6 42. g4 Rf3 43. Kg2 Rxc3 44. Rxc3 Qb2 45. g5+ Kg7 46. Rd8 h6 47. h4 1-0

[Event "Guines Vazquez Memorial"]
[Site "Guines"]
[Date "1998.10.15"]
[Round "3"]
[White "Munoz Sotomayor, Hugo"]
[Black "Gonzalez, Renier"]
[Result "0-1"]
[WhiteElo "2290"]
[BlackElo "2385"]
[PlyCount "76"]
[EventDate "1998.10.13"]
[EventType "tourn"]
[EventRounds "13"]
[EventCountry "CUB"]
[EventCategory "2"]
[SourceTitle "CBM 067 Extra"]
[Source "ChessBase"]
[SourceDate "1999.01.01"]
[SourceVersion "1"]
[SourceVersionDate "1999.01.01"]
[SourceQuality "1"]

1. c4 g6 2. Nc3 Bg7 3. e4 d6 4. d4 e5 5. Nge2 exd4 6. Nxd4 Nc6 7. Be3 Nge7 8. Qd2 0-0 9. Be2 f5 10. f4 fxe4 11. Nxe4 Nf5 12. Nxf5 Bxf5 13. Ng3 Re8 14. Bf2 Bg4 15. 0-0 Bxe2 16. Nxe2 Qf6 17. Nc3 Qf7 18. Nd5 Re4 19. Rac1 Rae8 20. Rfe1 Nd4 21. Rxe4 Rxe4 22. Re1 Rxe1+ 23. Qxe1 Ne6 24. g3 c6 25. Nc3 Nd4 26. Bxd4 Bxd4+ 27. Kg2 Kf8 28. Qe2 Qe7 29. Qg4 Kg7 30. Qf3 Qe1 31. f5 Qd2+ 32. Kh3 Qxb2 33. Ne4 Bg1 34. f6+ Kf8 35. Kg4 Qxh2 36. Kg5 Be3+ 37. Qxe3 Qh5+ 38. Kf4 Qf5# 0-1

[Event "Quito Gran Prix op"]
[Site "Quito"]
[Date "1998.??.??"]
[Round "?"]
[White "Bastidas Rodriguez, Emilio Jose"]
[Black "Munoz Sotomayor, Hugo"]
[Result "1/2-1/2"]
[WhiteElo "2210"]
[BlackElo "2205"]
[PlyCount "61"]
[EventDate "1998.??.??"]
[EventType "swiss"]
[EventRounds "9"]
[EventCountry "ECU"]
[SourceTitle "EXT 2002"]
[Source "ChessBase"]
[SourceDate "2001.11.25"]
[SourceVersion "1"]
[SourceVersionDate "2001.11.25"]
[SourceQuality "1"]

1. d4 Nf6 2. c4 e6 3. Nc3 Bb4 4. e3 0-0 5. Bd3 c5 6. Nge2 Nc6 7. 0-0 h6 8. a3 Bxc3 9. bxc3 d6 10. e4 Nd7 11. Be3 b6 12. Ng3 e5 13. d5 Ne7 14. a4 Ng6 15. Qd2 Nf6 16. f3 Bd7 17. Kh1 Kh7 18. Nf5 Ne8 19. g4 Rh8 20. g5 h5 21. f4 Kg8 22. fxe5 dxe5 23. Rf3 Bxf5 24. exf5 Nf8 25. Be2 Nd6 26. Raf1 Qd7 27. g6 fxg6 28. fxg6 Nxg6 29. Qc2 e4 30. Rg3 Ne5 31. Rg5 1/2-1/2

[Event "ECU-ch playoff"]
[Site "Quito"]
[Date "1998.??.??"]
[Round "?"]
[White "Munoz Sotomayor, Hugo"]
[Black "Pazos Gambarrotti, Plinio Efrain"]
[Result "0-1"]
[WhiteElo "2205"]
[BlackElo "2330"]
[PlyCount "76"]
[EventDate "1998.??.??"]
[EventType "tourn"]
[EventRounds "4"]
[EventCountry "ECU"]
[SourceTitle "EXT 2002"]
[Source "ChessBase"]
[SourceDate "2001.11.25"]
[SourceVersion "1"]
[SourceVersionDate "2001.11.25"]
[SourceQuality "1"]

1. c4 e5 2. Nc3 g6 3. d4 d6 4. e4 Bg7 5. Nge2 Nf6 6. f3 0-0 7. Be3 Nc6 8. d5 Ne7 9. Qd2 Ne8 10. g4 f5 11. gxf5 gxf5 12. 0-0-0 Ng6 13. Bg5 Bf6 14. Rg1 Kh8 15. Bh6 Bg7 16. Bxg7+ Nxg7 17. Qh6 Qf6 18. Rg5 Ne7 19. Qxf6 Rxf6 20. Kb1 fxe4 21. fxe4 Bd7 22. Nc1 Raf8 23. Be2 Rh6 24. Rdg1 Ng6 25. R1g2 Rf4 26. Nd3 Rfh4 27. Bg4 Bxg4 28. R2xg4 Rxg4 29. Rxg4 Rxh2 30. Nb5 Ne8 31. c5 dxc5 32. Nxc5 a6 33. Nc3 Nd6 34. Ne6 Nc4 35. Nxc7 Rh1+ 36. Kc2 Ne3+ 37. Kb3 Nxg4 38. d6 Nf8 0-1

[Event "Quito Gran Prix op"]
[Site "Quito"]
[Date "1997.??.??"]
[Round "7"]
[White "Delgado Kuffo, Andres"]
[Black "Munoz Sotomayor, Hugo"]
[Result "1/2-1/2"]
[WhiteElo "2085"]
[BlackElo "2205"]
[PlyCount "84"]
[EventDate "1997.??.??"]
[EventType "swiss"]
[EventRounds "9"]
[EventCountry "ECU"]
[SourceTitle "EXT 2003"]
[Source "ChessBase"]
[SourceDate "2002.11.25"]
[SourceVersion "1"]
[SourceVersionDate "2002.11.25"]
[SourceQuality "1"]

1. e4 c5 2. Nf3 e6 3. Nc3 Nc6 4. d4 cxd4 5. Nxd4 Qc7 6. Be3 a6 7. f4 d6 8. Qf3 Nf6 9. 0-0-0 h5 10. Be2 Bd7 11. Kb1 Nxd4 12. Bxd4 Bc6 13. f5 e5 14. Be3 Be7 15. Bc4 b5 16. Bd5 Rc8 17. Qe2 Bd7 18. a3 Rb8 19. Bg5 Qc5 20. Be3 Qc7 21. Bg5 a5 22. Bxf6 Bxf6 23. Bb3 Bd8 24. Qd3 b4 25. Nd5 Qc5 26. a4 Bc6 27. Qg3 Kf8 28. Rhe1 Rh6 29. Qf3 Bxd5 30. Rxd5 Qc6 31. Red1 Bb6 32. g3 Bc5 33. h3 Qe8 34. Qe2 Qe7 35. Qd2 Re8 36. Rf1 f6 37. Qd3 Qc7 38. Qc4 Rh8 39. Rfd1 Re7 40. Qb5 g5 41. Qa6 Kg7 42. Qe2 Bb6 1/2-1/2

[Event "Quito Gran Prix op"]
[Site "Quito"]
[Date "1997.??.??"]
[Round "1"]
[White "Mendoza, Rafael Enrique"]
[Black "Munoz Sotomayor, Hugo"]
[Result "0-1"]
[WhiteElo "2305"]
[BlackElo "2205"]
[PlyCount "98"]
[EventDate "1997.??.??"]
[EventType "swiss"]
[EventRounds "9"]
[EventCountry "ECU"]
[SourceTitle "EXT 2003"]
[Source "ChessBase"]
[SourceDate "2002.11.25"]
[SourceVersion "1"]
[SourceVersionDate "2002.11.25"]
[SourceQuality "1"]

1. c3 d5 2. d4 Nf6 3. Nf3 e6 4. Bf4 Nbd7 5. h3 Be7 6. Nbd2 0-0 7. e3 b6 8. Bd3 Bb7 9. Qc2 c5 10. 0-0 c4 11. Be2 b5 12. Ne5 Ne4 13. Rad1 f5 14. Ndf3 a5 15. Nxd7 Qxd7 16. Ne5 Qe8 17. Rc1 Rc8 18. Qd1 b4 19. f3 Nd6 20. Qe1 Qa4 21. Qd2 Rfd8 22. Bd1 Qb5 23. Be2 Qb6 24. Qc2 Ba6 25. Bg3 Bg5 26. Bf4 Bxf4 27. exf4 Rc7 28. Rfe1 Rb8 29. Bd1 Bc8 30. Rb1 Nb5 31. Be2 Qd6 32. Kh1 g6 33. Qd2 Rcb7 34. cxb4 axb4 35. Nxc4 dxc4 36. Bxc4 Nc7 37. Re5 Rb6 38. Qd3 Ba6 39. Rbe1 Bxc4 40. Qxc4 Rc6 41. Qd3 Rd8 42. Rd1 Nd5 43. g3 Rdc8 44. Rd2 Rc1+ 45. Kh2 Qc6 46. Ree2 Kf7 47. h4 Qc4 48. Qb3 Qxb3 49. axb3 Rf1 0-1